Emant:ies cryptes du temple ptolemaque

محفوظ في:

المؤلف الرئيسي: Thiera ,Christophe

التنسيق: كتاب

اللغة: Undetermined

منشور في: Cairo 2005

الموضوعات:

الوسوم: إضافة وسم

لا توجد وسوم, كن أول من يضع وسما على هذه التسجيلة!

رقم الطلب: F DT57.C185

LEADER 00529nam a2200169Ia 4500
008 230909s9999||||xx |||||||||||||| ||und||
050 4 |a F DT57.C185  
100 1 |a Thiera ,Christophe  
245 1 0 |a Emant:ies cryptes du temple ptolemaque  
264 1 |a Cairo  |c 2005 
300 |c 23CM 
504 |a Inciudes bibliographical  
650 4 |a Ptoiemy  
650 4 |a tombs egypt  
942 |2 lcc  |c BK 
952 |0 0  |1 0  |2 lcc  |4 0  |6 F D T57 C185  |7 1  |9 49986  |a ARCE  |b ARCE  |d 2023-09-09  |l 0  |o F DT57.C185   |r 2023-09-09 00:00:00  |w 2023-09-09  |y BK 
999 |c 54609  |d 54609